000 00507nam a2200181 i 4500
001 39886
003 ES-MaACL
005 20250804063356.0
007 t|
008 030304s1968 sp ||||1| spa d
100 1 _aCandel, Francisco,
_d1925-2007
_934448
245 1 4 _aLos hombres de la mala uva /
_cFrancisco Candel.
250 _a[1ª ed.].
260 _aBarcelona :
_bDima,
_c1968.
300 _a244 p., 10 lám. ;
_c22 cm.
852 _aES-MaACL
_jG-5574
_bR.65937
999 _c39886
_d39886